Biggest Cities in Every French Region - Statistics

General Stats
  • This quiz has been taken 61 times
  • The average score is 30 of 54
Answer Stats
Region City Pop. % Correct
Auvergne-Rhône-Alpes Lyon 522.000
98%
Île-de-France Paris 2.165.000
96%
Nouvelle-Aquitaine Bordeaux 260.000
94%
Provence - Alpes - Côte d'Azur Marseille 870.000
94%
a Nice 342.000
94%
Grand Est Strasbourg 287.000
94%
Occitanie Toulouse 493.000
94%
Hauts-de-France Lille 234.000
91%
Pays de la Loire Nantes 318.000
91%
Corse Ajaccio 71.000
83%
a Montpellier 295.000
83%
Bourgogne - Franche-Comté Dijon 158.000
81%
Bretagne Rennes 220.000
81%
French Guiana Cayenne 63.000
78%
a Grenoble 158.000
78%
a Brest 139.000
76%
a Toulon 178.000
76%
Normandie Le Havre 168.000
74%
a Reims 181.000
74%
a Rouen 112.000
74%
a Orléans 116.000
72%
a Saint-Étienne 173.000
69%
a Caen 106.000
67%
a Saint-Denis 112.000
67%
Réunion Saint-Denis 150.000
67%
Centre - Val de Loire Tours 137.000
67%
a Metz 118.000
63%
a Le Mans 143.000
61%
a Nîmes 148.000
61%
a Amiens 134.000
59%
a Angers 155.000
59%
a Limoges 130.000
54%
a Bastia 48.000
52%
a Quimper 63.000
50%
a Besançon 117.000
44%
Martinique Fort-de-France 78.000
44%
a Poitiers 89.000
43%
a Roubaix 98.000
39%
a Saint-Paul 103.000
35%
a Saint-Pierre 84.000
35%
a Bourges 64.000
30%
a Belfort 46.000
28%
a Boulogne-Billancourt 121.000
28%
a Saint-Laurent-du-Maroni 45.000
15%
a Porto-Vecchio 11.000
13%
Guadeloupe Les Abymes 53.000
11%
a Mtsapéré 15.000
6%
a Le Lamentin 40.000
4%
a Baie-Mahault 31.000
2%
a Kawéni 17.000
2%
Mayotte Labattoir 17.000
2%
a Le Gosier 26.000
2%
a Le Robert 22.000
2%
a Matoury 32.000
2%
No matching quizzes found
Score Distribution
Percent of People with Each Score
Percentile by Number Answered
Your Score History
You have not taken this quiz